000 00922nam a2200253 a 4500
001 000022080
005 20200930011555.0
008 100916s1979 mx ad r 000 0 spa d
020 _a9684386710
040 _aDO-SdBNP
_bspa
_cBNPHU
082 _a620.112
_bS452r, 1979
100 1 _aSeely, Fred B.
_945740
245 1 0 _aResistencia de materiales /
_cFred B. Seely , James O. Smith ; traducción Héctor Vázquez Briones.
250 _a4a ed.
260 _aMéxico, D. F. :
_bUnión Tipográfica Editorial Hispano-Americana,
_c1979.
300 _axvi, 498 p. :
_bil., retrs. ;
_c23 cm.
500 _aIncluye índice alfabético.
504 _aIncluye referencias bibliográficas y notas al pie de las páginas.
650 4 _aResistencia de materiales
_945741
650 4 _aTeoria de las estructuras
_927628
700 1 _aSmith, James O.
_945742
700 1 _aVázquez Briones, Héctor,
_etr.
_945743
049 _aBNGR
999 _c21578
_d21578